Louis Napoleon & the recovery of France / (Record no. 24773)
[ view plain ]
| 000 -LEADER | |
|---|---|
| fixed length control field | 00983cam a22002891 4500 |
| 001 - CONTROL NUMBER | |
| control field | 24773 |
| 003 - CONTROL NUMBER IDENTIFIER | |
| rucl marc code | BD-RjUL |
| 005 - DATE AND TIME OF LATEST TRANSACTION | |
| control field | 20211209001109.0 |
| 008 - FIXED-LENGTH DATA ELEMENTS--GENERAL INFORMATION | |
| fixed length control field | 140315r19651951enkcf b 001 0 eng d |
| 035 ## - SYSTEM CONTROL NUMBER | |
| System control number | (BD-RjUL)24842 |
| System control number | (OCoLC)804522 |
| 040 ## - CATALOGING SOURCE | |
| Original cataloging agency | DLC |
| Transcribing agency | NRU |
| Modifying agency | OCoLC |
| -- | Uk |
| -- | DLC |
| -- | BD-RjUL |
| Language of cataloging | eng |
| 041 ## - LANGUAGE CODE | |
| Language code of text/sound track or separate title | eng |
| 082 00 - DEWEY DECIMAL CLASSIFICATION NUMBER | |
| Classification number | 944.07 |
| Author mark and year | SIL 1965 |
| 100 1# - MAIN ENTRY--PERSONAL NAME | |
| Personal name | Simpson, Frederick Arthur, |
| Dates associated with a name | 1883- |
| 9 (RLIN) | 76260 |
| 245 00 - TITLE STATEMENT | |
| Title | Louis Napoleon & the recovery of France / |
| Statement of responsibility, etc. | Frederick Arthur Simpson, |
| 250 ## - EDITION STATEMENT | |
| Edition statement | 3d ed. |
| 260 ## - PUBLICATION, DISTRIBUTION, ETC. (IMPRINT) | |
| Place of publication, distribution, etc. | London ; |
| -- | New York : |
| Name of publisher, distributor, etc. | Longmans, Green, |
| Date of publication, distribution, etc. | 1951 [Reprinted 1965] |
| 300 ## - PHYSICAL DESCRIPTION | |
| Pagination | xvi, 400 p. : |
| Illustrations | plates, ports. ; |
| Size | 23 cm. |
| 504 ## - BIBLIOGRAPHY, ETC. NOTE | |
| Bibliography, etc | Bibliography: p. 376-389. and Index |
| 600 00 - SUBJECT ADDED ENTRY--PERSONAL NAME | |
| Personal name | Napoleon |
| Titles and other words associated with a name | Emperor of the French, |
| Dates associated with a name | 1808-1873. |
| 651 #0 - SUBJECT ADDED ENTRY--GEOGRAPHIC NAME | |
| Geographic name | France |
| General subdivision | History |
| Chronological subdivision | Second Empire, 1852-1870. |
| 9 (RLIN) | 76262 |
| Geographic name | France |
| General subdivision | Politics and government |
| Chronological subdivision | 1852-1870. |
| 9 (RLIN) | 76263 |
| 942 ## - ADDED ENTRY ELEMENTS (KOHA) | |
| Source of classification or shelving scheme | Dewey Decimal Classification |
| Koha item type | Books |
| Lost status | Source of classification or shelving scheme | Damaged status | Not for loan | Collection code | Permanent Location | Current Location | Shelving location | Date acquired | Source of acquisition | Cost, normal purchase price | Total Checkouts | Full call number | Date last seen | Copy number | Koha item type |
|---|---|---|---|---|---|---|---|---|---|---|---|---|---|---|---|
| Dewey Decimal Classification | Non-fiction | Central Library, University of Rajshahi | Central Library, University of Rajshahi | 28/12/1968 | Zeitlinger | 45.00 | 944.07 SIL 1965 | 15/03/2014 | C-2 | Books | |||||
| Dewey Decimal Classification | Non-fiction | Central Library, University of Rajshahi | Central Library, University of Rajshahi | 28/12/1968 | Zeitlinger | 45.00 | 944.07 SIL 1965 | 15/03/2014 | C-4 | Books | |||||
| Dewey Decimal Classification | Added to bundle | Non-fiction | Central Library, University of Rajshahi | Central Library, University of Rajshahi | Reading Room | 16/09/1955 | B. H. Bluckwell | 10.00 | 944.07 SIL 1951 | 15/03/2014 | C-1 | Books | |||
| Dewey Decimal Classification | Non-fiction | Central Library, University of Rajshahi | Central Library, University of Rajshahi | 28/12/1968 | Zitlinger | 45.00 | 944.07 SIL 1965 | 16/03/2014 | C-3 | Books |